Online
Catalog
Normal view MARC view

Entry Nombre de reunión

Number of records used in: 1

001 - NÚMERO DE CONTROL

  • campo de control: 53135

003 - IDENTIFICADOR DEL NÚMERO DE CONTROL

  • campo de control: OSt

005 - FECHA Y HORA DE LA ÚLTIMA TRANSACCIÓN

  • campo de control: 20200615034514.0

008 - DATOS DE LONGITUD FIJA

  • campo de control de longitud fija: 200615|| aca||aabn | a|a d

040 ## - FUENTE DE LA CATALOGACIÓN

  • Centro catalogador/agencia de origen: OSt
  • Centro/agencia transcriptor: OSt

111 ## - ENCABEZAMIENTO--NOMBRE DE CONGRESO/REUNIÓN

  • Nombre de congreso/reunión o jurisdicción como elemento de entrada: FERIA INTERNACIONAL DEL LIBRO
  • Subdivisión general: PROGRAMAS
  • Número del congreso/reunión o número de parte o sección: (7mª :
  • Fecha del congreso/reunión: 2004
  • Sede del congreso/Lugar de la reunión: SANTO DOMINGO, REPÚBLICA DOMINICANA)

670 ## - FUENTE DE DATOS ENCONTRADOS

  • Cita de la fuente: Work cat.: (OSt)25646: Feria Internacional del Libro (7º : 2004 : 22 abril al 2 de mayo : Santo Domingo, República Dominicana) 53134, VII Feria Internacional del Libro Santo Domingo 2004 :, 2004.

Powered by Koha